25 largest cities by letter - T - Statistics

General Stats
  • This quiz has been taken 65 times
  • The average score is 11 of 25
Answer Stats
Country Population City % Correct
Japan 8,336,599 Tokyo
100%
Taiwan 7,871,900 Taipei
97%
Iran 7,153,309 Tehran
97%
Canada 2,600,000 Toronto
92%
Uzbekistan 1,978,028 Tashkent
88%
Italy 870,456 Turin
88%
Libya 1,150,989 Tripoli
87%
Georgia 1,049,498 Tbilisi
82%
China 11,090,314 Tianjin
78%
Honduras 850,848 Tegucigalpa
77%
Mexico 1,300,983 Tijuana
68%
Taiwan 1,040,725 Taichung
28%
Iran 1,424,641 Tabriz
25%
Taiwan 771,235 Tainan
25%
China 3,426,519 Taiyuan
23%
Peru 747,450 Trujillo
22%
China 3,372,102 Tangshan
15%
Indonesia 1,372,124 Tangerang
12%
India 784,153 Thiruvananthapuram
12%
China 5,499,000 Tai'an
10%
India 1,261,517 Thane
10%
India 1,435,844 Tirunelveli
2%
India 1,034,724 Theni
0%
China 3,500,000 Tianshui
0%
India 775,484 Tiruchinappalli
0%
No matching quizzes found
Score Distribution
Percent of People with Each Score
Percentile by Number Answered
Your Score History
You have not taken this quiz